000 00562cam a22001933a 4500
001 44943
003 PGUSA
005 20140828084027.0
008 140217s2014||||xxu|||||s|||||000 | eng d
040 _aPGUSA
_beng
042 _adc
245 1 0 _aHarper's Young People, March 1, 1881 :
_bAn Illustrated Weekly
_h[electronic resource] /
_cVarious
260 _bProject Gutenberg,
_c2014
506 _aPublic domain in the USA.
516 _aElectronic text
830 0 _aProject Gutenberg
_v44943
856 4 0 _uhttp://www.gutenberg.org/ebooks/44943
942 _cEB
999 _c274194
_d274194